Intervencin̤ del querellante particular y partes Civiles en el juicio abreviado cordobš

Bibliographic Details
Main Author: Balestrini, Mara̕ de las Mercedes
Format: eBook
Language:Spanish
Published: Ciudad de Cr̤doba: Alveroni Ediciones, 2007
Subjects:
Online Access:Acceso restringido

MARC

LEADER 00000nam a22000007a 4500
005 2013070901081.0
007 cr|||| |||
008 130709s2007 ar |||||s|||| 00||0 spa d
020 |a 978-987-1145-88-1 
035 |a 11371 
040 |a vLex 
090 |c 4394  |d 4394 
100 1 |a Balestrini, Mara̕ de las Mercedes 
245 1 0 |a Intervencin̤ del querellante particular y partes Civiles en el juicio abreviado cordobš  |h [Recurso electrn̤ico] /  |c Mara̕ de las Mercedes Balestrini 
256 |a Servicio en ln̕ea 
260 |a Ciudad de Cr̤doba:  |b Alveroni Ediciones,  |c 2007 
300 |a 1 recurso electrn̤ico 
506 1 |a Contenido solo disponible en los productos indicados  |d vLex Global  |d vLex Global (Academic Edition, excluding Law Schools)  |d vLex Global (U.S. Academic Edition, Law Schools)  |d vLex Global (U.S. Academic Edition, excluding Law Schools)  |d vLex Global (Academic Edition, Law Schools) 
650 0 4 |a Derecho civil  |z Argentina 
740 0 |a vLex Libros (Servicio en ln̕ea) 
856 4 0 |u http://vlex.com/source/intervencion-del-querellante-particular-y-partes-civiles-en-el-juicio-abreviado-cordobes-11371  |z Acceso restringido 
942 |c BOOK 
999 0 |a Civil Law